| 000 | 00723nam a2200217Ia 4500 | ||
|---|---|---|---|
| 003 | OSt | ||
| 005 | 20250603102959.0 | ||
| 008 | 210716s2010 xx 000 0 und d | ||
| 020 | _a9788126528400 | ||
| 040 | _cAIMIT LIBRARY | ||
| 041 | _aeng | ||
| 082 |
_a658.4092 _21 _bWILM |
||
| 100 |
_aWison, Meena Surie. _9212465 |
||
| 245 |
_aDeveloping tomorrows leaders today: _binsights from corporate India / _cBy Meena Surie Wilson. |
||
| 250 | _a1st ed. | ||
| 260 |
_aNew Delhi : _bWiley India Pvt Ltd , _c2010. |
||
| 300 |
_axxii,189p. ; _bPB _c23 cm. |
||
| 650 |
_aTwo fundamental experiences for new managers _9212466 |
||
| 650 |
_aHarnessing the power of experience _9212467 |
||
| 942 |
_2ddc _cBK _e1st ed. _k658.4092 WILM |
||
| 999 |
_c206979 _d206979 |
||